Munro's statistical methods for health care research / (Record no. 283687)
[ view plain ]
| 000 -LEADER | |
|---|---|
| fixed length control field | 02702cam a22004214a 4500 |
| 001 - CONTROL NUMBER | |
| control field | 16858012 |
| 003 - CONTROL NUMBER IDENTIFIER | |
| control field | PILC |
| 005 - DATE AND TIME OF LATEST TRANSACTION | |
| control field | 20150303085120.0 |
| 008 - FIXED-LENGTH DATA ELEMENTS--GENERAL INFORMATION | |
| fixed length control field | 110629s2012 paua b 001 0 eng |
| 010 ## - LIBRARY OF CONGRESS CONTROL NUMBER | |
| LC control number | 2011027645 |
| 020 ## - INTERNATIONAL STANDARD BOOK NUMBER | |
| International Standard Book Number | 9781451115611 |
| 020 ## - INTERNATIONAL STANDARD BOOK NUMBER | |
| International Standard Book Number | 9781469837192 |
| 035 ## - SYSTEM CONTROL NUMBER | |
| System control number | (DNLM)101563786 |
| 040 ## - CATALOGING SOURCE | |
| Original cataloging agency | DNLM/DLC |
| Transcribing agency | DLC |
| Modifying agency | DLC |
| 042 ## - AUTHENTICATION CODE | |
| Authentication code | pcc |
| 050 00 - LIBRARY OF CONGRESS CALL NUMBER | |
| Classification number | RT 81.5 |
| Item number | .M86 2013 |
| 060 10 - NATIONAL LIBRARY OF MEDICINE CALL NUMBER | |
| Classification number | WA 950 |
| 082 00 - DEWEY DECIMAL CLASSIFICATION NUMBER | |
| Classification number | 610.72/7 |
| 100 1# - MAIN ENTRY--PERSONAL NAME | |
| Personal name | Plichta, Stacey Beth, |
| Dates associated with a name | 1965- |
| 245 10 - TITLE STATEMENT | |
| Title | Munro's statistical methods for health care research / |
| Statement of responsibility, etc | Stacey B. Plichta, Elizabeth A. Kelvin. |
| 246 1# - VARYING FORM OF TITLE | |
| Title proper/short title | Statistical methods for health care research |
| 250 ## - EDITION STATEMENT | |
| Edition statement | 6th ed. |
| 260 ## - PUBLICATION, DISTRIBUTION, ETC. (IMPRINT) | |
| Place of publication, distribution, etc | Philadelphia : |
| Name of publisher, distributor, etc | Wolters Kluwer Health/Lippincott Williams & Wilkins, |
| Date of publication, distribution, etc | c2013. |
| 300 ## - PHYSICAL DESCRIPTION | |
| Extent | vii, 567 pages : |
| Other physical details | illustrations ; |
| Dimensions | 23 cm. |
| 500 ## - GENERAL NOTE | |
| General note | Rev. ed. of: Statistical methods for health care research / Barbara Hazard Munro. 5th ed. c2005. |
| 504 ## - BIBLIOGRAPHY, ETC. NOTE | |
| Bibliography, etc | Includes bibliographical references and index. |
| 505 0# - FORMATTED CONTENTS NOTE | |
| Formatted contents note | Using research and statistics in health care -- Descriptive statistics : getting to know the data -- Key principles of statistical inference -- Hypothesis testing with inferential statistics -- Measuring the differences between the means two unrelated group means : independent t-tests and Mann-Whitney U-tests -- Measuring the differences between the means of two related groups : paired t-tests and Wilcoxon Matched Pairs tests -- Measuring the differences between the means of three or more unrelated groups : one way ANOVAS and the Kruskal-Wallis H-tests -- Differences among the means of three or more unrelated groups defined by two or more independent variables : N-way ANOVA -- Comparing the means of three or more related groups : repeated measures ANOVA and Friedman's ANOVA by rank -- Analysis of covariance (ANCOVA) -- Measuring the association of two variables : Pearson and Spearman correlation -- Examining cross tabulations : the Chi-square statistic and the McNemar test -- Logistic regression -- Linear regression and regression diagnostics -- Factor analysis -- Path analysis -- Structural equation modeling -- Writing for presentation and publication. |
| 521 ## - TARGET AUDIENCE NOTE | |
| Target audience note | Nursing |
| 650 #0 - SUBJECT ADDED ENTRY--TOPICAL TERM | |
| Topical term or geographic name as entry element | Nursing |
| General subdivision | Research |
| -- | Statistical methods. |
| 650 #0 - SUBJECT ADDED ENTRY--TOPICAL TERM | |
| Topical term or geographic name as entry element | Medical care |
| General subdivision | Research |
| -- | Statistical methods. |
| 650 12 - SUBJECT ADDED ENTRY--TOPICAL TERM | |
| Topical term or geographic name as entry element | Health Services Research |
| General subdivision | methods. |
| 650 12 - SUBJECT ADDED ENTRY--TOPICAL TERM | |
| Topical term or geographic name as entry element | Statistics as Topic. |
| 700 1# - ADDED ENTRY--PERSONAL NAME | |
| Personal name | Kelvin, Elizabeth A. |
| 700 1# - ADDED ENTRY--PERSONAL NAME | |
| Personal name | Munro, Barbara Hazard. |
| Title of a work | Statistical methods for health care research. |
| 906 ## - LOCAL DATA ELEMENT F, LDF (RLIN) | |
| a | 7 |
| b | cbc |
| c | orignew |
| d | 1 |
| e | ecip |
| f | 20 |
| g | y-gencatlg |
| 942 ## - ADDED ENTRY ELEMENTS (KOHA) | |
| Source of classification or shelving scheme | Library of Congress Classification |
| Koha item type | Books |
| Withdrawn status | Lost status | Source of classification or shelving scheme | Damaged status | Home library | Current library | Shelving location | Date acquired | Source of acquisition | Sub Shelving location | Total Checkouts | Full call number | Barcode | Date last seen | Price effective from | Koha item type |
|---|---|---|---|---|---|---|---|---|---|---|---|---|---|---|---|
| Library of Congress Classification | College Library | College Library | Filipiniana Section | 03/03/2015 | Library Fund | RT 81.5 .M86 2013 | C19189 | 05/08/2018 | 03/03/2015 | Books |